Text Book Of Estimating Costing And Valuation (Record no. 11018)

MARC details
000 -LEADER
fixed length control field 00417nam a2200157Ia 4500
008 - FIXED-LENGTH DATA ELEMENTS--GENERAL INFORMATION
fixed length control field 220803s9999 xx 000 0 und d
041 ## - LANGUAGE CODE
Language code of text/sound track or separate title eng
082 ## - DEWEY DECIMAL CLASSIFICATION NUMBER
Classification number 711.4 SIN/SIN
100 ## - MAIN ENTRY--PERSONAL NAME
Personal name Singh G
9 (RLIN) 14684
245 ## - TITLE STATEMENT
Title Text Book Of Estimating Costing And Valuation
260 ## - PUBLICATION, DISTRIBUTION, ETC. (IMPRINT)
Place of publication, distribution, etc. Delhi
Name of publisher, distributor, etc. Standard Publishers
Date of publication, distribution, etc. 1998
300 ## - PHYSICAL DESCRIPTION
Extent 701p
500 ## - GENERAL NOTE
Keywords Architecture
650 ## - SUBJECT ADDED ENTRY--TOPICAL TERM
Topical term or geographic name as entry element Urban Design
9 (RLIN) 14685
700 ## - ADDED ENTRY--PERSONAL NAME
Personal name Singh J
9 (RLIN) 14686
Holdings
Withdrawn status Lost status Damaged status Not for loan Collection code Home library Current library Shelving location Date acquired Vendor Cost, normal purchase price Total Checkouts Full call number Barcode Date last seen Cost, replacement price Bill Date Koha item type Original Barcode
        Book of B Arch Dr. Bhanuben Nanavati College of Architecture Dr. Bhanuben Nanavati College of Architecture   30/09/2000 Varma Book Depot 112.00   711.4 SIN/SIN BNCA-BK-3074 03/08/2022 125.00 14/09/2000 Books B003074